Настольная книга туриста: практическое пособие

Dades bibliogràfiques
Autor principal: Кузнецова О. В. Оксана Владимировна
Sumari:Пособие знакомит с основами туристской деятельности в Российской Федерации: нормативно-правовой базой, образцами документов, порядком оформления загранпаспорта, условиями выдачи туристской визы, основными правами и обязанностями турагентства и туроператора, порядком предъявления претензии за ненадлежащее исполнение обязательств по реализации туристского продукта, особенностями страхования и оказания медицинской помощи гражданам, находящимся на отдыхе в иностранных государствах, оформлением вывоза наличных денег и иного имущества (в том числе животных) за пределы РФ, а также с иными нюансами, которые необходимо знать туристу, путешествующему за рубежом. Для широкого круга читателей.
Idioma:rus
Publicat: Москва, Дашков и К, 2010
Edició:2-е изд.
Matèries:
Format: MixedMaterials Llibre
KOHA link:https://koha.lib.tpu.ru/cgi-bin/koha/opac-detail.pl?biblionumber=180389

MARC

LEADER 00000nam0a2200000 4500
001 180389
005 20231101223538.0
010 |a 9785394008672 
035 |a (RuTPU)RU\TPU\book\195542 
035 |a RU\TPU\book\171993 
090 |a 180389 
100 |a 20090427d2010 m y0rusy50 ca 
101 0 |a rus 
102 |a RU 
105 |a y j 001zy 
200 1 |a Настольная книга туриста  |e практическое пособие  |f О. В. Кузнецова 
205 |a 2-е изд. 
210 |a Москва  |c Дашков и К  |d 2010 
215 |a 264 с. 
320 |a Библиогр.: с. 263. 
330 |a Пособие знакомит с основами туристской деятельности в Российской Федерации: нормативно-правовой базой, образцами документов, порядком оформления загранпаспорта, условиями выдачи туристской визы, основными правами и обязанностями турагентства и туроператора, порядком предъявления претензии за ненадлежащее исполнение обязательств по реализации туристского продукта, особенностями страхования и оказания медицинской помощи гражданам, находящимся на отдыхе в иностранных государствах, оформлением вывоза наличных денег и иного имущества (в том числе животных) за пределы РФ, а также с иными нюансами, которые необходимо знать туристу, путешествующему за рубежом. Для широкого круга читателей. 
606 1 |a Туризм  |x Экономика  |2 stltpush  |3 (RuTPU)RU\TPU\subj\53770  |9 71935 
610 1 |a география 
610 1 |a туристская деятельность 
610 1 |a Российская Федерация 
610 1 |a загранпаспорта 
610 1 |a визы 
610 1 |a шенгенская виза 
610 1 |a таможенные права 
610 1 |a туроператоры 
610 1 |a турфирмы 
610 1 |a туристский продукт 
610 1 |a договоры 
610 1 |a страхование 
610 1 |a права 
610 1 |a обязанности 
610 1 |a отдых 
610 1 |a безопасность 
610 1 |a юридическая помощь 
610 1 |a посольство 
610 1 |a консульство 
610 1 |a зарубежные страны 
610 1 |a таможенная декларация 
610 1 |a валюта 
610 1 |a товары 
610 1 |a животные 
610 1 |a учебные пособия 
610 1 |a турагентства 
686 |a У9(2)43я73  |v LBC/SL-A  |2 rubbk 
700 1 |a Кузнецова  |b О. В.  |g Оксана Владимировна 
801 1 |a RU  |b 63413507  |c 20100514 
801 2 |a RU  |b 63413507  |c 20121220  |g RCR 
900 |a Туризм и гостиничное хозяйство 
900 |a Туристские формальности 
942 |c BK 
959 |a 31/20100513  |d 1  |e 154,00  |f ЧЗГЛ:1